Διονυσίου Αλικαρνασσέως : περί συνθέσεως ονομάτων

Αποθηκεύτηκε σε:
Λεπτομέρειες βιβλιογραφικής εγγραφής
Κύριος συγγραφέας: Διονύσιος ο Αλικαρνασσεύς, 1ος αι. π.χ
Άλλοι συγγραφείς: Τζαφερόπουλος, Απόστολος Μ. (Μεταφραστής, Επιμελητής έκδοσης)
Μορφή: Βιβλίο
Γλώσσα:Greek
Ancient Greek
Δημοσίευση: Αθήναι : Γεωργιάδης, 1998
Σειρά:Βιβλιοθήκη των Ελλήνων ; ; 1
Θέματα:
Ετικέτες: Προσθήκη ετικέτας
Δεν υπάρχουν, Καταχωρήστε ετικέτα πρώτοι!

MARC

LEADER 00000cam a2200000 i 4500
001 1/26358
008 060316s1998 gre d
020 |a 960-316-081-4 
035 |l 10083139 
040 |a GR-MY-UA  |b gre  |e aacr 
041 0 |a gre  |a grc 
082 0 |a 885.01  |2 (22) 
100 0 |a Διονύσιος ο Αλικαρνασσεύς,   |d 1ος αι. π.χ. 
245 1 0 |a Διονυσίου Αλικαρνασσέως :  |b περί συνθέσεως ονομάτων /  |c [Διονύσιος ο Αλικαρνασεύς] ; μετάφρασις - επιμέλεια - σχόλια - λεξιλόγιο: Απόστολος Τζαφερόπουλος 
260 |a Αθήναι :   |b Γεωργιάδης,   |c 1998 
300 |a 267 σ.;  |c 21 εκ. 
490 1 |a Βιβλιοθήκη των Ελλήνων  |v ; 1 
500 |a Αντικριστές σελίδες στα αρχαία και νέα ελληνικά 
650 0 0 |a Greek literature, Hellenistic. 
650 0 0 |a Speeches, addresses, etc., Greek. 
700 1 |a Τζαφερόπουλος, Απόστολος Μ.  |4 trl  |4 edt 
830 0 |a Βιβλιοθήκη των Ελλήνων ;  |v ; 1 
852 |a INST  |b RHODES  |c KRI  |e 20060316  |h  885.01 ΔΙΟ  |p 005400021183  |q 005400021183  |t BK  |y 0 
901 |a BIBL4-2006-1 
909 |a Ρ  |b 123429 
970 |a ΚΟΖΑ  |b ΜΑΡΙΑ  |z 2006/03/15